000 00948nac a22003377a 4500
001 BR0301900
003 BR-BrBNA
005 20240105122806.0
008 230509b bl.|||m| |||| 00| 0 por d
040 _aBR-BrBNA
_bpor
_cBiblioteca Nacional de Agricultura
072 _aF70
090 _a2800 BR0301900
100 1 _aCarvalho, P.E.R.
110 1 _aEMBRAPA Florestas, Colombo, PR (Brasil)
245 1 _aTimbó - Taxonomia
260 3 _aColombo, PR (Brasil):
_c2002.
300 _a7 p.
490 _aCircular Técnica - EMBRAPA Florestas (Brazil)
_vno. 57
_xISSN 1517-5278
500 _a39 ref.
650 _aTIMBÓ
650 _aPLANTA PRODUTORA DE PESTICIDA
650 _aTAXONOMIA VEGETAL
650 _aMUDA
650 _aSEMENTE
650 _aSOLO
650 _aCRESCIMENTO
650 _aNUTRIÇÃO ANIMAL
650 _aCONTROLE BIOLÓGICO
909 _a202312
_bLúcia Elande
_c55
_dLúcia Elande
942 _2AGRIS
_n0
_cMS
999 _c292839
_d292839